000 00420nam a2200145Ia 4500
008 231129s2004||||xx |||||||||||||| ||spa||
020 _a958-30-1644-6
040 _bspa
082 _a(i) 398.22 S586p
100 _aSilva Vallejo Fabio
245 0 _aPrometeo el héroe que dio el fuego a los hombres: mito griego
260 _c2004
264 _aPanamericana
942 _2ddc
_cBKS
999 _c23354
_d23354